Computer graphics C version
| Main Author: | |
|---|---|
| Other Authors: | |
| Format: | Book |
| Published: |
Upper Saddle River :
New Jewcy
|
| Subjects: |
MARC
| LEADER | 00000cam a2200000 7i4500 | ||
|---|---|---|---|
| 001 | 0000012326 | ||
| 005 | 20050613.0 | ||
| 020 | |a 0135309247 | ||
| 040 | |a INS | ||
| 090 | 0 | 0 | |a T385. |b H385 1997 |
| 100 | 1 | |a Hearn, Donald | |
| 245 | 1 | 0 | |a Computer graphics C version |c Donald Hearn |
| 260 | |a Upper Saddle River : |b New Jewcy | ||
| 300 | |a xx ; |c 652p 26cm. | ||
| 650 | 0 | 0 | |a Computer Graphics |x (Computer Program Language) |
| 700 | 1 | |a Baker, Pauline M. | |
| 999 | |a 0000013574 |b BOOK |c Open Shelf |e Default branch | ||